Quizzes
Events
Quiz Creation
Community
Videos
Private Events
Remove Ads
Sign In
Join for FREE
Feedback
Dark Mode
Quiz Categories
Sports
Geography
Music
Movies
Television
Just For Fun
Miscellaneous
History
Literature
Language
Science
Gaming
Entertainment
Religion
Holiday
For Kids
Quiz Lab
Recent
Popular Today
Quiz Kudos Today
Editor Picks
Curator Picks
Quizzes by...
Day
Popularity
Type
Ratings
Length
Year
Community
Subscriptions
Recent Discussions
Orange Saloon
Badges
Playlists
Quests
Create
Leaderboards
Showdown
Live 5
Trivia Bingo
Activity
Puzzle Library
Sporcle Events
Private Events
Virtual Trivia
Globe League
Become a Host
Pub Owners
SporcleCon
Opinionation
Our Games
Videos
Blog
Mobile Apps
Partnerships
Remove Ads and Go Orange
Feedback
Gaming
Video Games
Board Games
Card Games
Pokémon
Mario
Nintendo
Minecraft
Console
Toys
Legend of Zelda
Gaming
Video Games
Board Games
Card Games
Pokémon
Mario
Nintendo
Minecraft
Console
Toys
Legend of Zelda
Random Quiz
Search Sporcle
×
Quiz Lab
Quiz Lab
Gaming
Persona
Type in answers that appear in a list
Type in answers that appear in a list
Classic
Best Score? Go Orange.
Name the Personas in Persona 3 Portable Stats
Can you name the Name the Personas in Persona 3 Portable?
By
ThndrMge
12m
173 Questions
255 Plays
255 Plays
255 Plays
Comments
Comments
Give Quiz Kudos
Give Quiz Kudos
-
- Ratings
hide this ad
Replay
Link that replays current quiz
Next Quiz
Link to next quiz in quiz playlist
You Got
0%
They Got
Avg Score
52%
Avg Friend Score
Upgrade to see
Score Distribution
Jump to the score distribution portion of the page
Score
0/173
Timer
12:00
0
Plays Today
% Correct
Orpheus
96.1%
Jack Frost
89.4%
Pyro Jack
87.8%
Pixie
86.7%
Black Frost
79.6%
Thanatos
78.8%
Odin
78.4%
Orpheus Telos
77.6%
Alice
77.6%
Surt
77.3%
Angel
77.3%
King Frost
76.9%
Slime
76.5%
Nekomata
74.9%
Loki
74.5%
Archangel
74.5%
Thor
74.1%
High Pixie
72.9%
Mot
72.2%
Gabriel
71.4%
Legion
70.6%
Messiah
69%
Ara Mitama
68.6%
Lucifer
68.6%
Oberon
68.2%
Fortuna
68.2%
Beelzebub
67.8%
Satan
67.5%
Ose
67.1%
Susano-o
67.1%
Norn
65.9%
Apsaras
65.5%
Titan
65.1%
Hua Po
64.3%
Forneus
64.3%
Throne
64.3%
Succubus
64.3%
Helel
63.9%
Power
63.5%
Lilim
63.5%
Mara
63.5%
Saki Mitama
63.1%
Incubus
63.1%
Raphael
62.7%
Kohryu
62.4%
Pale Rider
62.4%
Nigi Mitama
62.4%
Metatron
62%
Omoikane
61.6%
Ghoul
61.2%
Decarabia
60.8%
Cybele
60.8%
Kusi Mitama
60.4%
Lilith
60.4%
Sati
60%
Anubis
60%
Parvati
59.6%
Michael
59.6%
% Correct
Uriel
59.6%
Mother Harlot
59.2%
Clotho
58.8%
Inugami
58.8%
Byakko
58.8%
Principality
57.6%
Atropos
57.3%
Rangda
56.9%
Titania
56.9%
Virtue
56.9%
Unicorn
56.5%
Lachesis
56.5%
Siegfried
56.5%
Sarasvati
56.1%
Genbu
56.1%
Sandalphon
55.3%
Alilat
54.9%
Dominion
54.9%
Loa
54.9%
Take-mikazuchi
54.5%
Alp
54.5%
Melchizedek
54.5%
Seiryuu
54.5%
Neko Shogun
54.5%
Scathach
54.1%
Attis
54.1%
Suzaku
54.1%
Orobas
53.3%
Valkyrie
53.3%
Berith
52.5%
Seth
52.2%
Skadi
51.8%
Arahabaki
51.4%
Ares
51%
Trumpeter
51%
Barong
50.6%
Shiva
49.8%
Asura
49.8%
Kikuri-hime
49.4%
Take-minakata
49%
Horus
49%
Vishnu
49%
Leanan Sidhe
48.6%
Narcissus
48.6%
Lamia
48.6%
Eligor
48.6%
Queen Mab
48.2%
Laksmi
47.8%
Raja Naga
47.8%
Chimera
47.8%
Naga
47.8%
Hell Biker
47.8%
Abaddon
47.8%
Samael
47.5%
Chi You
47.5%
Thoth
46.7%
Kali
46.7%
Yomotsu Shikome
45.9%
% Correct
Daisoujou
45.5%
Yatagarasu
45.5%
Hariti
45.1%
Empusa
44.7%
Yaksini
43.9%
Yurlungur
43.5%
Gurr
43.5%
Vetala
43.1%
Ganesha
42.7%
Tam Lin
42.4%
Mithra
42.4%
Ganga
42%
Flauros
41.6%
Pazuzu
41.6%
Cu Chulainn
41.6%
Masakado
41.6%
Baal Zebul
41.2%
Mokoi
40.8%
Jatayu
40.4%
Shiisaa
39.6%
Yamatano-orochi
39.6%
Kingu
39.2%
Nandi
39.2%
Dionysus
39.2%
Rakshasa
38.8%
Mothman
38.4%
Zouchouten
38%
Orthrus
38%
Kaiwan
38%
Ananta
37.3%
Nidhogg
36.9%
Kartikeya
36.5%
Nata Taishi
36.1%
Bishamonten
36.1%
Jikokuten
35.3%
Garuda
35.3%
Nebiros
34.9%
Hanuman
34.5%
Vasuki
34.1%
Koumokuten
33.7%
Kumbhanda
33.7%
Ubelluris
33.7%
Okuninushi
33.3%
Oumitsunu
32.9%
Saturnus
32.9%
Atavaka
32.9%
Seiten Taisei
31.8%
Hokuto Seikun
31%
Quetzalcoatl
31%
Girimehkala
30.6%
Kurama Tengu
29.8%
Chernobog
29%
Narasimha
28.6%
Taraka
27.5%
Stanta
27.5%
Hecatoncheires
23.9%
Sparna
23.1%
Quiz Playlist
Details
Report
Send in Message
Add To Playlist
Classic:
Type in answers that appear in a list
Quiz Source
Last Updated: Feb 16, 2017
Quiz Scoreboard
CHALLENGE
Sign Up to Join the Scoreboard
Show All
Scores
Hide
Comments
May contain spoilers
Recently Published
9x9 Crossword: Cartoon Network
by jackfrog10
Miscellaneous
3m
College Basketball Coaching Resumes
by pancakes188
Sports
9m
Billboard Blitz: Fleetwood Mac
by CooCooCachoo
Music
15s
More to Explore
Quiz From the Vault
Featured Blog Post
Where Did the Easter Bunny Come From?
hide this ad
You Might Also Like...
Tags
Persona
Today's Top Quizzes in Gaming
Browse Gaming
hide this ad
Today's Top Quizzes in Persona
Browse Persona
Top Contributed Quizzes in Gaming
1
5-to-1: Consoles
2
7-to-1: Board Game Piece Blitz
3
5-to-1: Legend of Zelda
4
League of Legends Pro Players by Career/Team History
5
Destiny 2 exotic weapons by perk icons
6
Ultimate Genshin Impact Logic Puzzle (up to 4.3)
7
Franchise by Action Figure
8
Who's on the WWE 2K24 Cover?
9
Genshin Impact Logic Puzzle Quiz
10
Overwatch Logic Puzzle
Explore More
Trending Topics
Anime
Marvel
Harry Potter
Disney
NBA
Crossword
Kpop
Puzzle
NFL
Song
Soccer
Pokémon
WWE
Country
The Office
hide this ad
More By:
ThndrMge
Quiz
Plays
Rating
Category
Featured
Created
Dark Souls Bosses
16,156
4.61
Gaming
Oct 20, 2011
Name the Touhou (6-12) Characters by Boss Theme
6,592
4.94
Gaming
Oct 19, 2011
Dark Souls Medley
1,583
4.91
Gaming
Oct 19, 2011
Persona 3 or Persona 4? (Music Quiz)
1,203
3.88
Gaming
Aug 16, 2014
RPG Music Quiz
693
4.00
Gaming
Oct 31, 2011
Go to Creator's Profile
Score Distribution
Quiz Creator Spotlight
ThndrMge
Follow
Send a Message
Quizzes Created
-
Created Quiz Play Count
-
More By This Creator
Popular Quizzes Today
1
Find the US States - No Outlines Minefield
2
Find the Countries of Europe - No Outlines Minefield
3
The Countries of the World
4
Find the US States
5
Risky Map Clicking: Biggest States A-Z
6
US States
7
Popular People in 1961
8
Movies - When Are They Set?
More Gaming Quizzes
Flip Flop: Pokémon
Editor's Pick
Trending Quizzes
Risky Map Clicking: Least Populous States A-Z
1-10 Letter G Words
Risky Map Clicking: Next State Alphabetically
Adjectives in 80s TV Shows
Risky Map Clicking: Biggest States A-Z
Recently Updated
Leaping Animals
pecheneg
Reality TV Shows (A-Z)
bhenderson79
Rickey Henderson's Hall of Fame Teammates
pecheneg
Champions League XIs: Arsenal
pecheneg
Quick Pick: Celebrities in WWE's Hall of Fame
aduchscher
A-Z Keypad Blitz II
pecheneg
Multiple Oscar Actors
pecheneg
Mystery Phrase Blitz: Oscar 'Best Actors'
pecheneg
F. Scott Fitzgerald Novels
LTH
Pick 3 Villains
ddd62291
Trending Topics
Anime
Harry Potter
Kpop
Crossword
Disney
NBA
Marvel
NFL
Soccer
The Office
Puzzle
Country
Pokémon
Song
WWE
Your Account Isn't Verified!
In order to create a playlist on Sporcle, you need to verify the email address you used during registration. Go to your
Sporcle Settings
to finish the process.
Report this User
Report this user for behavior that violates our
Community Guidelines
.
Details:
Send Report
Go to the Sporcle.com Mobile Site →
Comments